00816 2200193 4500001002100000005001500021035002000036008004100056245003900097100001800136250000600154260002900160300001200189084001400201082000800215650001000223520037700233990001200610INLIS00000000000104920240527103019 a0010-0524000284240527 1 ind 1 aMarmut Merah Jambu /cRaditya Dika aDika, Raditya a1 aJakarta :bBukune,c2014 a222 hlm a813 RAD m a813 4aFiksi aNovel ini memiliki penyampaian cerita yang dapat membuat pembaca tertawa dan terhibur dengan menggunakan istilah sehari-hari sehingga dapat memberikan kemudahan kepada para pembaca ketika mengikuti alur cerita yang dihadirkan. Penyampaian kisah cinta seorang Raditya Dika yang aslinya tragis menjadi konyol akan membuat pembaca tersenyum ketika sedang membaca novel ini. a0744027